|
|
|
|
| LEADER |
01531nam a2200397 a 4500 |
| 001 |
EBC1101403 |
| 003 |
MiAaPQ |
| 005 |
20200520144314.0 |
| 006 |
m o d | |
| 007 |
cr cn||||||||| |
| 008 |
120608s2013 nyu sb 001 0 eng d |
| 010 |
|
|
|z 2012023113
|
| 020 |
|
|
|z 9780415630160 (hb)
|
| 020 |
|
|
|a 9780203077634 (electronic bk.)
|
| 035 |
|
|
|a (MiAaPQ)EBC1101403
|
| 035 |
|
|
|a (Au-PeEL)EBL1101403
|
| 035 |
|
|
|a (CaPaEBR)ebr10640473
|
| 035 |
|
|
|a (CaONFJC)MIL420673
|
| 035 |
|
|
|a (OCoLC)823389761
|
| 040 |
|
|
|a MiAaPQ
|c MiAaPQ
|d MiAaPQ
|
| 043 |
|
|
|a e-gr---
|
| 050 |
|
4 |
|a HC37
|b .H36 2013
|
| 082 |
0 |
4 |
|a 330.938
|2 23
|
| 100 |
1 |
|
|a Lyttkens, Carl Hampus.
|
| 245 |
1 |
0 |
|a Economic analysis of institutional change in ancient Greece
|h [electronic resource] :
|b politics, taxation and rational behaviour /
|c Carl Hampus-Lyttkens.
|
| 260 |
|
|
|a New York :
|b Routledge,
|c 2013.
|
| 300 |
|
|
|a xiii, 188 p.
|
| 440 |
|
0 |
|a Routledge explorations in economic history ;
|v 58
|
| 504 |
|
|
|a Includes bibliographical references and indexes.
|
| 533 |
|
|
|a Electronic reproduction. Ann Arbor, MI : ProQuest, 2015. Available via World Wide Web. Access may be limited to ProQuest affiliated libraries.
|
| 650 |
|
0 |
|a Finance, Public
|z Greece
|x History.
|
| 651 |
|
0 |
|a Greece
|x Economic conditions
|y To 146 B.C.
|
| 651 |
|
0 |
|a Greece
|x Politics and government
|y To 146 B.C.
|
| 655 |
|
4 |
|a Electronic books.
|
| 710 |
2 |
|
|a ProQuest (Firm)
|
| 856 |
4 |
0 |
|u https://ebookcentral.proquest.com/lib/matrademy/detail.action?docID=1101403
|z Click to View
|